00638nam a2200181Ia 4500008004100000082001800041100002200059245005100081250000800132260002500140300001200165500002400177650001500201942000700216952010800223952010800331999001700439230524s9999 xx 000 0 und d a621.3892bBAN aM.N.Bandyopadhyay 0a"Electrical Power Systems,Theory and Practice" a1ST aNEW DELHIbPHIc2006 aXIV;580 aQuantity Number: 2 aElectrical cBK 00104070aTATCLbTATCLcGENd2023-05-24l0o621.3892 BANp15157r2023-05-24w2023-05-24yBKzBSCP2201 00104070aTATCLbTATCLcGENd2023-05-24l0o621.3892 BANp15158r2023-05-24w2023-05-24yBKzBSCP2201 c36092d36092